| 000 | 01754cam a2200385 i 4500 | ||
|---|---|---|---|
| 001 | 193771 | ||
| 003 | SpMaBN | ||
| 005 | 20250903083410.0 | ||
| 007 | ta | ||
| 008 | 240214m19711979sp | ||||o00010 spa | ||
| 016 | 7 |
_abimoBNE19931070806 _zBIB92000001956 _2SpMaBN |
|
| 035 | _a(OCoLC)433863527 | ||
| 035 | _abimo0000377725 | ||
| 040 |
_aSpMaBN _bspa _cSpMaBN _erdc _dSpMaBN |
||
| 080 | _a017.11(460) | ||
| 080 | _a016:(05) | ||
| 245 | 0 | 0 | _aCatálogo colectivo de publicaciones periódicas en bibliotecas españolas |
| 260 |
_aMadrid : _bDirección General de Archivos y Bibliotecas, _c1971-1979 |
||
| 300 |
_a3 volúmenes ; _c31 cm |
||
| 336 |
_aTexto (visual) _2isbdcontent |
||
| 337 |
_asin mediación _2isbdmedia |
||
| 338 |
_2rdacarrier _avolumen |
||
| 500 | _aVol. 2 editado por Instituto Bibliográfico Hispano | ||
| 505 | 0 | _aVol. 2. Medicina (2 v.: XLIX, 974 p.) - v. 5. Humanidades, pte. 1. Ciencias históricas (XXXI, 605); pte. 2. Lingüística y literatura (LVII, 693 p.) | |
| 650 | 7 |
_aPublicaciones periódicas- _vCatálogos colectivos _9158900 |
|
| 650 | 4 |
_aCatálogos colectivos- _zEspaña _910840 |
|
| 710 | 1 |
_aEspaña. _bDirección General de Archivos y Bibliotecas _eedt _93701 |
|
| 710 | 2 |
_aInstituto Bibliográfico Hispánico _eedt _94801 |
|
| 852 | 4 |
_aES-MaACL _bR. 80279 _cDEPO1 _dOlim: P-1443 _hDonativo Instituto Bibliográfico Hispánico _jA-15152 _pv. 5, pte. 1 _9198771 |
|
| 852 | 4 |
_aES-MaACL _bR. 80279 _cDEPO1 _hDonativo Instituto Bibliográfico Hispánico _jA-15101 _pv. 2 _9198772 |
|
| 852 | 4 |
_aES-MaACL _bR. 80279 _cDEPO1 _dOlim: P-1443 _hDonativo Instituto Bibliográfico Hispánico _jA-15123 _pv. 5, pte. 2 _9198773 |
|
| 942 |
_n0 _cMONOGRAFIA |
||
| 999 |
_c193771 _d193771 |
||